Statistics for Countries with the Highest Percentage of Sikhs

Click here to take the quiz!

General Stats

  • This quiz has been taken 44 times
  • The average score is 10 of 15

Answer Stats

PercentageCountry% Correct
1.72India
97%
0.14United States
92%
0.88United Kingdom
87%
2.2Canada
77%
0.83Australia
69%
0.44Malaysia
69%
0.22Singapore
67%
0.13Thailand
64%
0.88New Zealand
62%
0.57United Arab Emirates
56%
0.26Italy
54%
0.64Kuwait
54%
0.11Bahrain
51%
0.66Oman
46%
1.1Cyprus
13%

Score Distribution

Percentile by Number Answered

Percent of People with Each Score

Your Score History

You have not taken this quiz